| 000 | 01009 a2200205 4500 | ||
|---|---|---|---|
| 999 |
_c4466 _d4466 |
||
| 020 | _a0126036403 (pbk. manual : alk. paper) | ||
| 050 | 0 | 0 | _aQA 76.95 RUS 1999 |
| 100 | 1 |
_aRuskeep,̃̃ Heikki. _eauthor |
|
| 245 | 1 | 0 |
_aMathematica navigator : _bgraphics and methods of applied mathematics / _cHeikki Ruskeep.̃̃ |
| 264 |
_aLondon : _bAcademic Press _c1999 |
||
| 300 |
_axx, 848 p. : _bill. ; |
||
| 500 | _aIncludes bibliographical references | ||
| 504 | _aIncludes bibliographical references (p. 801-802) | ||
| 650 | 0 |
_aMathematics _xData processing. |
|
| 856 | 4 | 2 |
_3Publisher description _uhttp://www.loc.gov/catdir/description/els033/98022863.html |
| 856 | 4 | 1 |
_3Table of contents _uhttp://www.loc.gov/catdir/toc/els032/98022863.html |
| 942 |
_2lcc _cBK _h76.95 _iRUS _kQA |
||